000 00768nam a2200217Ii 4500
003 JO-AjNU
008 230605s9999||||xx |||||||||||||| ||und||
017 _a34723
040 _aJO-AjNU
_bara
_erda
_cJO-AjNU
041 _aara
050 1 4 _aHV 5801.B3242 1995
100 3 _aالبداينة، ذياب,
_eauthor
_947687
245 0 0 _aالمخدرات آفة العصر الحديث
264 3 1 _aعمان: وزارة الشباب، 1995
300 _a55ص
_bيحتوي على ببلوغرافية من 52-55ص
336 _atext
_btxt
_2rdacontent
337 _aunmediated
_bn
_2rdamedia
338 _avolume
_bnc
_2rdacarrier
490 0 _aسلسلة التثقيف الشبابي؛ 19
650 4 _aالمشاكل الاجتماعية - المخدرات
_947688
999 _aA20835
_c24403
_d24403